00000000nam 2200000zi 4500
0019.942203
003CaOODSP
00520250107143547
006m     o  d f      
007cr |n|||||||||
008240821e202409  onc     ob   f000 0 eng d
020 |a9780660732749
040 |aCaOODSP|beng|erda|cCaOODSP
043 |an-cn---
0861 |aH129-163/2024E-PDF
24500|aEvidence of safety requirements for tooth whitening products containing peroxide and peroxide-generating compounds.
264 1|aOttawa, ON : |bHealth Canada = Santé Canada, |cSeptember 2024.
264 4|c©2024
300 |a1 online resource (1 volume (various pagings))
336 |atext|btxt|2rdacontent
337 |acomputer|bc|2rdamedia
338 |aonline resource|bcr|2rdacarrier
500 |aIssued also in French under title: Exigences relatives aux preuves d'innocuité pour les produits de blanchiment des dents contenant des peroxydes et des substances générant des peroxydes.
500 |a"Pub.: 240497."
504 |aIncludes bibliographical references.
520 |a"This document outlines which safety data Health Canada evaluates for tooth whitening products containing peroxide and peroxide-generating compounds"--Scope, page 6.
650 0|aTeeth|xBleaching|zCanada.
650 0|aProduct safety|zCanada.
650 0|aConsumer protection|zCanada.
650 0|aCosmetics|zCanada|xSafety measures.
650 0|aCosmetics|xLabeling|xLaw and legislation|zCanada.
7101 |aCanada. |bHealth Canada, |eissuing body.
77508|tExigences relatives aux preuves d'innocuité pour les produits de blanchiment des dents contenant des peroxydes et des substances générant des peroxydes. |w(CaOODSP)9.942205
85640|qPDF|s828 KB|uhttps://publications.gc.ca/collections/collection_2025/sc-hc/H129-163-2024-eng.pdf
8564 |qHTML|sN/A|uhttps://www.canada.ca/en/health-canada/services/consumer-product-safety/cosmetics/regulatory-information/evidence-safety-requirements-tooth-whitening-product-containing-peroxide-generating-compounds.html